Geboren in Neustadt an der Weinstraße - Statistiken

Allgemein
  • Dieses Quiz wurde 27 mal gespielt
  • Das Durchschnittsergebnis liegt bei 3 aus 6
Antwortstatistiken
Hinweis Antwort % Korrekt
Physiker und Entwickler des Geigerzähler 1882 Hans Geiger
88%
SPD-Politikerin und Ministerpräsidentin von Rheinland-Pfalz von 2013 bis 2024 1961 Malu Dreyer
72%
Komiker und Schauspieler, "Wer weiß denn sowas?" "Switch" "Genial Daneben" 1970 Bernhard Hoecker
68%
ehemaliger Fußballnationalspieler (Bayern München, Werder Bremen und Kaiserslautern) 1968 Mario Basler
44%
nigerianischer Fußballnationalspieler, TSG 1899 Hoffenheim 1995 Kevin Akpoguma
24%
Pionier des deutschen Fernsehens und Entwickler des PAL-Farbfernsehsystems 1908 Walter Bruch
8%
Keine übereinstimmenden Quizze gefunden
Verteilung der Resultate
Anzahl Personen mit jedem Resultat
Perzentil nach korrekt beantworteten Fragen
Ihre Resultats-Entwicklung
Sie haben dieses Quiz noch nicht gespielt